[Event "Druga liga Srbije grupa Vojvodina 2011"]
[Site "Vrbas"]
[Date "2011.09.28"]
[Round "5.5"]
[White "Dekic, Josip"]
[Black "Elez, Nikola"]
[Result "1-0"]
[WhiteElo "2306"]
[BlackElo "2155"]
[PlyCount "95"]
[EventDate "2011.09.25"]

1. e4 c5 2. Nf3 d6 3. d4 cxd4 4. Nxd4 Nf6 5. Nc3 g6 6. Be3 Bg7 7. Bc4 O-O 8. h3
Nc6 9. Bb3 Bd7 10. O-O Rc8 11. Re1 a6 12. Nd5 Na5 13. Bg5 Nxd5 14. exd5 Re8 15.
c3 Nxb3 16. axb3 Rc5 17. Nf3 h6 18. Be3 Ra5 19. Rc1 Bf5 20. Qd2 Kh7 21. b4 Ra2
22. Bd4 Qc7 23. Bxg7 Kxg7 24. Nd4 Bd7 25. c4 Qb6 26. Re3 Ra4 27. Rb3 e5 28.
dxe6 Bxe6 29. c5 dxc5 30. bxc5 Qc7 31. Rb6 Bc8 32. b3 Ra3 33. Qb2 Qe5 34. Qxa3
Qxd4 35. Qa1 Qxa1 36. Rxa1 Re5 37. b4 h5 38. Rd1 h4 39. Rd8 Bf5 40. f3 Kh6 41.
Kf2 Be6 42. Rxb7 Bc4 43. Rd2 Kg5 44. f4+ Kxf4 45. Rd4+ Re4 46. Rxe4+ Kxe4 47.
c6 Bd5 48. Re7+ 1-0

[Event "Druga liga Srbije grupa Vojvodina 2011"]
[Site "Vrbas"]
[Date "2011.09.28"]
[Round "5.5"]
[White "Subotic, Srbislav"]
[Black "Strangar, Zlatko"]
[Result "0-1"]
[WhiteElo "2177"]
[BlackElo "2203"]
[PlyCount "92"]
[EventDate "2011.09.25"]

1. e4 e6 2. d4 d5 3. Nd2 Nf6 4. e5 Nfd7 5. Bd3 c5 6. c3 Nc6 7. Ne2 cxd4 8. cxd4
f6 9. exf6 Nxf6 10. Nf3 Bd6 11. Bf4 Bxf4 12. Nxf4 O-O 13. O-O Qb6 14. b3 Bd7
15. Re1 Rae8 16. Rc1 Ne4 17. Nh3 e5 18. Bxe4 dxe4 19. Rxe4 Bxh3 20. gxh3 exd4
21. Qe2 Rd8 22. Qc4+ Kh8 23. Ng5 Qa5 24. h4 Qf5 25. Qe2 d3 26. Qe3 Rd6 27. Re8
h6 28. Rxf8+ Qxf8 29. Ne4 Re6 30. Qxd3 Qf4 31. Re1 Ne5 32. Qe3 Nf3+ 33. Kf1
Rxe4 34. Qxf4 Rxf4 35. Re7 Rb4 36. Ke2 Nxh4 37. Kd3 Kh7 38. Kc3 Rb6 39. b4 Kg6
40. a4 Kf6 41. Rd7 Nf5 42. b5 a5 43. Kc4 Re6 44. Kd5 Re5+ 45. Kc4 b6 46. Rb7
Nd6+ 0-1

[Event "Druga liga Srbije grupa Vojvodina 2011"]
[Site "Vrbas"]
[Date "2011.09.28"]
[Round "5.5"]
[White "Ivanovic, Miroslav"]
[Black "Zobenica, Ivan"]
[Result "1/2-1/2"]
[WhiteElo "2177"]
[BlackElo "2034"]
[PlyCount "96"]
[EventDate "2011.09.25"]

1. c4 d6 2. Nc3 c6 3. g3 e5 4. Bg2 g6 5. Rb1 a5 6. a3 Bg7 7. b4 axb4 8. axb4
Be6 9. Qb3 Ne7 10. b5 d5 11. d3 O-O 12. Nf3 b6 13. O-O Qd6 14. Nd2 f5 15. Na4
cxb5 16. Qxb5 Nbc6 17. Nxb6 Ra5 18. Qb3 Nd4 19. Qd1 Ra6 20. cxd5 Nxd5 21. Nxd5
Bxd5 22. Bxd5+ Qxd5 23. e3 Ne6 24. Qf3 Qxd3 25. Qb7 Ra2 26. Rb3 Qa6 27. Qe7 Bf6
28. Qb4 Rd8 29. Bb2 Ng5 30. h4 Ra4 31. Qc3 Rc8 32. Rb6 Rxc3 33. Rxa6 Rxa6 34.
Bxc3 Nf7 35. Rb1 Rc6 36. Rb3 e4 37. Bxf6 Rxf6 38. g4 Rd6 39. Nf1 Ne5 40. gxf5
gxf5 41. Ng3 Rd1+ 42. Kg2 Rd2 43. Nxf5 Ng4 44. Rb6 Rxf2+ 45. Kg3 Rxf5 46. Kxg4
Rf3 47. Rb3 Kg7 48. Ra3 Kg6 1/2-1/2

[Event "Druga liga Srbije grupa Vojvodina 2011"]
[Site "Vrbas"]
[Date "2011.09.28"]
[Round "5.5"]
[White "Gavric, Zivojin"]
[Black "Roganovic, Nebojsa"]
[Result "1/2-1/2"]
[WhiteElo "2099"]
[BlackElo "2194"]
[PlyCount "95"]
[EventDate "2011.09.25"]

1. Nc3 d5 2. d4 Nf6 3. Bg5 Bf5 4. Bxf6 exf6 5. e3 c6 6. Bd3 Bxd3 7. Qxd3 Bd6 8.
Nf3 Nd7 9. O-O O-O 10. e4 Nb6 11. exd5 cxd5 12. Nd1 Rc8 13. c3 Re8 14. Ne3 Bf4
15. Rfe1 Qd7 16. g3 Bxe3 17. Rxe3 Rxe3 18. Qxe3 Nc4 19. Qe2 Re8 20. Qc2 Qg4 21.
Kg2 Re3 22. Ng1 Re8 23. Nf3 Re3 24. Ng1 Qe4+ 25. Qxe4 Rxe4 26. f3 Re6 27. b3
Nd6 28. Kf2 Nb5 29. Ne2 Rc6 30. Rc1 g5 31. Ke3 Nd6 32. Kd3 b5 33. Ra1 f5 34. a4
a6 35. axb5 axb5 36. h4 h6 37. Ra5 Kg7 38. hxg5 hxg5 39. Nc1 Kf6 40. Na2 Ke6
41. Nb4 Rc8 42. Na6 g4 43. Nc5+ Ke7 44. Ra7+ Kf8 45. Rd7 Rc6 46. fxg4 fxg4 47.
Rd8+ Kg7 48. Rb8 1/2-1/2